000 00790nam a2200265Ia 4500
003 OSt
005 20220926000812.0
006 a|||||r|||| 00| 0
007 ta
008 220923b |||||||| |||| 00| 0 eng d
020 _a8121002176
037 _cGeneral Book
040 _aRTL
_cRTL
_beng
041 _2eng
_aeng
082 _aY72.4446.N8, M7
100 _aBhasin Veena
_9259190
245 0 _aEcology, culture and change
_bTribals of Sikkim Himalayas
260 _a New Delhi
_bInter-India
_c1987
300 _a407p
_ccm.
490 _aTribal Studies of India Series, T 133
500 _aBibiliography P 369-403; Glossary P 356-68
650 _aTribes
_940733
942 _hY72.4446.N8, M7
_cGB
_2CC
999 _c599776
_d599776